Biologická a ekonomická optimalizácia výživy hospodárskych zvierat

Salvato in:
Dettagli Bibliografici
Autore principale: Kováč, Michal
Natura: Libro
Lingua:slovacco
Pubblicazione: Bratislava Príroda 1987
Edizione:1. vyd.
Tags: Aggiungi Tag
Nessun Tag, puoi essere il primo ad aggiungerne!!

MARC

LEADER 00000nam a2200000 4500
001 c035595
005 20240904095420.0
041 0 |a slo 
044 |a SK 
245 1 0 |a Biologická a ekonomická optimalizácia výživy hospodárskych zvierat  |c Michal Kováč 
250 |a 1. vyd. 
264 1 |a Bratislava  |b Príroda  |c 1987 
300 |a 422 s. 
100 1 |a Kováč, Michal